Sustainable refurbishment of the BRE Victorian terrace (Record no. 113222)

MARC details
000 -LEADER
fixed length control field 00729cam a22002295a 4500
001 - CONTROL NUMBER
control field L154896
008 - FIXED-LENGTH DATA ELEMENTS--GENERAL INFORMATION
fixed length control field 120130s2011 xxko f 000 0 eng d
020 ## - INTERNATIONAL STANDARD BOOK NUMBER
International Standard Book Number 9781848062238
035 ## - SYSTEM CONTROL NUMBER
System control number (Sirsi) u154896
041 0# - LANGUAGE CODE
Language code of text/sound track or separate title eng
100 1# - MAIN ENTRY--PERSONAL NAME
Personal name Ferguson, Alan
245 00 - TITLE STATEMENT
Title Sustainable refurbishment of the BRE Victorian terrace
Remainder of title part 2 the construction process
260 ## - PUBLICATION, DISTRIBUTION, ETC.
Place of publication, distribution, etc. Watford
Name of publisher, distributor, etc. BRE
Date of publication, distribution, etc. 2011
300 ## - PHYSICAL DESCRIPTION
Extent 16p.
Other physical details ill.
Dimensions 30cm.
490 #0 - SERIES STATEMENT
Series statement BRE Information Paper
Volume/sequential designation (12/11)
520 ## - SUMMARY, ETC.
Summary, etc. Considers the processes involved in refurbishing the BRE victorian terrace (continues from part 1: design philosophy).
521 ## - TARGET AUDIENCE NOTE
Target audience note Advanced
590 ## - LOCAL NOTE (RLIN)
Local note KA
651 #4 - SUBJECT ADDED ENTRY--GEOGRAPHIC NAME
Geographic name United Kingdom
Chronological subdivision
690 ## - LOCAL SUBJECT ADDED ENTRY--TOPICAL TERM (OCLC, RLIN)
Topical term or geographic name as entry element Refurbishment
9 (RLIN) 6264
942 ## - ADDED ENTRY ELEMENTS (KOHA)
Suppress in OPAC 0
Holdings
Withdrawn status Lost status Source of classification or shelving scheme Damaged status Not for loan Home library Current library Shelving location Date acquired Total Checkouts Full call number Barcode Date last seen Copy number Price effective from Koha item type
    Dewey Decimal Classification     London London Books 30/01/2012   BRE INFORMATION PAPER 30077285 06/08/2019 1 06/08/2019 Book